The Abyss of Intransitivity: On Critical Realism and Theories of Religion
| Main Author: | |
|---|---|
| Format: | Electronic Article |
| Language: | English |
| Check availability: | HBZ Gateway |
| Interlibrary Loan: | Interlibrary Loan for the Fachinformationsdienste (Specialized Information Services in Germany) |
| Published: |
2021
|
| In: |
Zeitschrift für Religionswissenschaft
Year: 2021, Volume: 29, Issue: 2, Pages: 268-274 |
| Standardized Subjects / Keyword chains: | B
Seiwert, Hubert 1949-
/ Bhaskar, Roy 1944-2014
/ Science of Religion
/ Critical realism
/ Religion
/ Theory
/ Grammar, Comparative and general
/ Concept formation
|
| RelBib Classification: | AA Study of religion VA Philosophy |
| Online Access: |
Volltext (kostenfrei) Volltext (kostenfrei) |
MARC
| LEADER | 00000caa a22000002c 4500 | ||
|---|---|---|---|
| 001 | 1807380998 | ||
| 003 | DE-627 | ||
| 005 | 20250530004145.0 | ||
| 007 | cr uuu---uuuuu | ||
| 008 | 220621s2021 xx |||||o 00| ||eng c | ||
| 024 | 7 | |a 10.1515/zfr-2021-0024 |2 doi | |
| 035 | |a (DE-627)1807380998 | ||
| 035 | |a (DE-599)KXP1807380998 | ||
| 040 | |a DE-627 |b ger |c DE-627 |e rda | ||
| 041 | |a eng | ||
| 084 | |a 0 |a 1 |2 ssgn | ||
| 100 | 1 | |e VerfasserIn |0 (DE-588)115889590 |0 (DE-627)503361526 |0 (DE-576)302547002 |4 aut |a Stausberg, Michael |d 1966- | |
| 109 | |a Stausberg, Michael 1966- |a Stausberg, Michal 1966- | ||
| 245 | 1 | 4 | |a The Abyss of Intransitivity: On Critical Realism and Theories of Religion |
| 264 | 1 | |c 2021 | |
| 336 | |a Text |b txt |2 rdacontent | ||
| 337 | |a Computermedien |b c |2 rdamedia | ||
| 338 | |a Online-Ressource |b cr |2 rdacarrier | ||
| 652 | |a AA:VA | ||
| 689 | 0 | 0 | |d p |0 (DE-588)120172917 |0 (DE-627)08049854X |0 (DE-576)16303530X |2 gnd |a Seiwert, Hubert |d 1949- |
| 689 | 0 | 1 | |d p |0 (DE-588)119195569 |0 (DE-627)079993303 |0 (DE-576)160284732 |2 gnd |a Bhaskar, Roy |d 1944-2014 |
| 689 | 0 | 2 | |d s |0 (DE-588)4049426-3 |0 (DE-627)106187058 |0 (DE-576)209082003 |2 gnd |a Religionswissenschaft |
| 689 | 0 | 3 | |d s |0 (DE-588)4139717-4 |0 (DE-627)105633283 |0 (DE-576)209696745 |2 gnd |a Kritischer Realismus |
| 689 | 0 | 4 | |d s |0 (DE-588)4049396-9 |0 (DE-627)106187155 |0 (DE-576)209081880 |2 gnd |a Religion |
| 689 | 0 | 5 | |d s |0 (DE-588)4059787-8 |0 (DE-627)106142275 |0 (DE-576)209132256 |2 gnd |a Theorie |
| 689 | 0 | 6 | |d s |0 (DE-588)4204860-6 |0 (DE-627)105140155 |0 (DE-576)210165057 |2 gnd |a Transitivität |
| 689 | 0 | 7 | |d s |0 (DE-588)4005249-7 |0 (DE-627)104708115 |0 (DE-576)208859926 |2 gnd |a Begriffsbildung |
| 689 | 0 | |5 (DE-627) | |
| 773 | 0 | 8 | |i Enthalten in |t Zeitschrift für Religionswissenschaft |d Berlin : De Gruyter, 1993 |g 29(2021), 2, Seite 268-274 |h Online-Ressource |w (DE-627)331140446 |w (DE-600)2051569-8 |w (DE-576)37562211X |x 2194-508X |7 nnas |
| 773 | 1 | 8 | |g volume:29 |g year:2021 |g number:2 |g pages:268-274 |
| 787 | 0 | 8 | |i Kommentar zu |a Seiwert, Hubert, 1949 - |t Reply to the Responses |d 2021 |w (DE-627)1807381048 |
| 787 | 0 | 8 | |i Kommentar in |a Seiwert, Hubert, 1949 - |t Reply to the Responses |d 2021 |w (DE-627)1807381048 |
| 856 | 4 | 0 | |u https://doi.org/10.1515/zfr-2021-0024 |x Resolving-System |z kostenfrei |3 Volltext |7 0 |
| 856 | 4 | 0 | |u https://www.degruyterbrill.com/document/doi/10.1515/zfr-2021-0024/html |x Verlag |z kostenfrei |3 Volltext |7 0 |
| 951 | |a AR | ||
| ELC | |a 1 | ||
| ITA | |a 1 |t 1 | ||
| LOK | |0 000 xxxxxcx a22 zn 4500 | ||
| LOK | |0 001 4153388459 | ||
| LOK | |0 003 DE-627 | ||
| LOK | |0 004 1807380998 | ||
| LOK | |0 005 20230329142923 | ||
| LOK | |0 008 220621||||||||||||||||ger||||||| | ||
| LOK | |0 040 |a DE-Tue135 |c DE-627 |d DE-Tue135 | ||
| LOK | |0 092 |o n | ||
| LOK | |0 852 |a DE-Tue135 | ||
| LOK | |0 852 1 |9 00 | ||
| LOK | |0 935 |a ixzs |a ixzo | ||
| LOK | |0 936ln |0 1442053844 |a VA | ||
| LOK | |0 936ln |0 1442042966 |a AA | ||
| LOK | |0 939 |a 21-06-22 |b l01 | ||
| OAS | |a 1 | ||
| ORI | |a SA-MARC-ixtheoa001.raw | ||
| REF | |a Religionstheorie | ||
| REL | |a 1 | ||
| STA | 0 | 0 | |a Concept formation,Critical realism,Grammar, Comparative and general,Transitivity,Religion,Religions,Religion,Religion in literature,Science of Religion,Religious studies,Religionswissenschaft,Religions,Theory |
| STB | 0 | 0 | |a Conceptualisation,Religion,Religions,Religion,Réalisme critique,Science des religions,Théorie,Transitivité (linguistique),Transitivité (linguistique) |
| STC | 0 | 0 | |a Ciencias de la religión,Conceptualización,Realismo crítico,Religión,Religión,Religión,Teoría |
| STD | 0 | 0 | |a Formazione dei concetti,Realismo critico,Religione,Religione,Religione,Scienze religiose,Teoria |
| STE | 0 | 0 | |a 宗教,宗教,宗教学,批判现实主义,概念化,理论 |
| STF | 0 | 0 | |a 宗教,宗教,宗教學,批判現實主義,概念化,理論 |
| STG | 0 | 0 | |a Ciências da religião,Conceptualização,Realismo crítico,Religião,Religião,Teoria |
| STH | 0 | 0 | |a Критический реализм,Образование понятий,Религиоведение,Религия (мотив),Религия,Теория |
| STI | 0 | 0 | |a Θεωρία,Θρησκεία (μοτίβο),Θρησκεία,Θρησκειολογία,Κριτικός ρεαλισμός,Σχηματισμός εννοιών |
| SUB | |a REL | ||
| SYG | 0 | 0 | |a Seiwert, Hubert Michael,1949- , Religious studies,Religionsphilosophie,Scholasticism,Scholastik,Theologie,Theology,Religionsforschung , Religion,Mystik,Mythologie , Theorien,Theorien , Transitive Relation , Concept,Konzeptualisierung |



